[Event "I. CLANSKA LIGA ZAHOD 2025"]
[Site "Komenda"]
[Date "2025.10.12"]
[Round "6.4"]
[White "Skube, Zan"]
[Black "Mihalic, Miha"]
[Result "1-0"]
[WhiteElo "1835"]
[BlackElo "1496"]
[PlyCount "105"]
[EventDate "2025.09.26"]
[WhiteTeam "SD DOMZALE"]
[BlackTeam "SK DOLENJSKE TOPLICE"]

1. c4 c6 2. g3 Nf6 3. Bg2 d5 4. Nf3 e6 5. b3 Be7 6. Bb2 O-O 7. O-O dxc4 8. bxc4
Qb6 9. Qc2 Rd8 10. Nc3 Nbd7 11. d4 Nf8 12. e4 Qc7 13. Rad1 b6 14. Rfe1 Bb7 15.
Qb3 a5 16. Ba3 Bxa3 17. Qxa3 Rac8 18. Qb3 Ng6 19. h4 h5 20. Rd3 e5 21. d5 cxd5
22. Nxd5 Bxd5 23. cxd5 Qc5 24. Bh3 Ng4 25. Bxg4 hxg4 26. Nh2 Rd6 27. Nxg4 f6
28. Ne3 Ne7 29. Rd2 Kf7 30. Rc2 Qb4 31. Qxb4 axb4 32. Rxc8 Nxc8 33. Rb1 Rd7 34.
Rxb4 Ra7 35. a4 Rc7 36. Nc4 Ra7 37. f4 exf4 38. gxf4 Ke7 39. e5 Kd7 40. e6+ Ke7
41. f5 Nd6 42. Ne3 Rb7 43. Kf2 Kd8 44. Kf3 Ke7 45. Kf4 Kd8 46. Nc4 Ke7 47. Nxd6
Kxd6 48. Rb5 Ra7 49. Rxb6+ Kxd5 50. Rb5+ Kc6 51. Rb4 Kc5 52. Re4 Kd6 53. e7 1-0

[Event "I. CLANSKA LIGA ZAHOD 2025"]
[Site "Komenda"]
[Date "2025.10.12"]
[Round "6.5"]
[White "Krstic, David"]
[Black "Mircic, Ivan"]
[Result "1/2-1/2"]
[WhiteElo "1974"]
[BlackElo "2173"]
[PlyCount "29"]
[EventDate "2025.09.26"]
[WhiteTeam "TAJFUN - SK LJUBLJANA"]
[BlackTeam "SK STARI MAYR KRANJ"]

1. Nf3 d5 2. g3 Nf6 3. Bg2 e6 4. d4 c5 5. O-O Nfd7 6. dxc5 Bxc5 7. c4 O-O 8.
Bg5 Be7 9. Nc3 h6 10. Bf4 Nc6 11. Nd4 Qb6 12. Be3 Qd8 13. Bf4 Qb6 14. Be3 Qd8
15. Bf4 1/2-1/2

[Event "I. CLANSKA LIGA ZAHOD 2025"]
[Site "Komenda"]
[Date "2025.10.24"]
[Round "7.1"]
[White "Belyaletdinov, Leonard"]
[Black "Skoberne, Jure"]
[Result "0-1"]
[WhiteElo "2130"]
[BlackElo "2546"]
[PlyCount "34"]
[EventDate "2025.09.26"]
[WhiteTeam "TAJFUN - SK LJUBLJANA"]
[BlackTeam "SD POSOCJE"]

1. e4 e6 2. d4 d5 3. exd5 exd5 4. Nf3 Bd6 5. h3 Nf6 6. Bd3 O-O 7. O-O Nc6 8. c3
Ne4 9. Bxe4 dxe4 10. Ng5 Bf5 11. Re1 Re8 12. Qb3 Qf6 13. d5 Ne5 14. Nxe4 Bxe4
15. Rxe4 Nd3 16. Rxe8+ Rxe8 17. Be3 Rxe3 0-1

[Event "I. CLANSKA LIGA ZAHOD 2025"]
[Site "Komenda"]
[Date "2025.10.24"]
[Round "7.1"]
[White "Jovanovic, Zoran"]
[Black "Glavac, Leo"]
[Result "1-0"]
[WhiteElo "2500"]
[BlackElo "1974"]
[PlyCount "83"]
[EventDate "2025.09.26"]
[WhiteTeam "SD POSOCJE"]
[BlackTeam "TAJFUN - SK LJUBLJANA"]

1. e4 e5 2. Nf3 Nc6 3. Nc3 Nf6 4. Bb5 Bc5 5. O-O d6 6. d4 exd4 7. Nxd4 Bd7 8.
Nb3 Bb6 9. Bg5 h6 10. Bxf6 Qxf6 11. a4 a6 12. Nd5 Qd8 13. Nxb6 cxb6 14. Bc4 Qf6
15. c3 Ne5 16. Bd5 Bc6 17. f4 Nd7 18. e5 Qe7 19. exd6 Qe3+ 20. Kh1 O-O 21. Bxc6
bxc6 22. Nd4 Qe4 23. Qf3 Qd5 24. Rad1 Qxd6 25. Nxc6 Qc7 26. Ne7+ Kh8 27. Nf5
Rg8 28. Rd6 Nc5 29. a5 Rab8 30. Qd5 Ne6 31. Rc6 Rgd8 32. Nd6 Qe7 33. axb6 Rd7
34. Nxf7+ Qxf7 35. Qxe6 Qxe6 36. Rxe6 Rdb7 37. Rfe1 Rxb6 38. Rxb6 Rxb6 39. b4
Kg8 40. Kg1 Rd6 41. Kf1 Rf6 42. Ke2 1-0

[Event "I. CLANSKA LIGA ZAHOD 2025"]
[Site "Komenda"]
[Date "2025.10.24"]
[Round "7.1"]
[White "Krstic, David"]
[Black "Srebrnic, Marko"]
[Result "0-1"]
[WhiteElo "1974"]
[BlackElo "2331"]
[PlyCount "79"]
[EventDate "2025.09.26"]
[WhiteTeam "TAJFUN - SK LJUBLJANA"]
[BlackTeam "SD POSOCJE"]

1. Nf3 Nf6 2. g3 g6 3. Bg2 Bg7 4. O-O O-O 5. d4 d6 6. c4 Nbd7 7. Nc3 a6 8. Qc2
c5 9. Rd1 Rb8 10. a4 cxd4 11. Nxd4 Qc7 12. b3 Nc5 13. Bg5 e5 14. Bxf6 Bxf6 15.
Nd5 Qd8 16. Nxf6+ Qxf6 17. Nf3 Bf5 18. Qc3 b5 19. cxb5 axb5 20. a5 b4 21. Qe3
Bc2 22. Rd5 Bxb3 23. Rd2 Bc4 24. Rad1 b3 25. Rxd6 Ne6 26. Rb6 Rbd8 27. Rxd8
Qxd8 28. Nd2 Qc7 29. Qc3 Bxe2 30. Qxc7 Nxc7 31. Nxb3 Rd8 32. h4 f5 33. Nc5 e4
34. Ne6 Nxe6 35. Rxe6 Rd5 36. Re8+ Kf7 37. Ra8 Rd1+ 38. Kh2 Ra1 39. Ra7+ Kg8
40. h5 {nejasno (46)} 0-1

[Event "I. CLANSKA LIGA ZAHOD 2025"]
[Site "Komenda"]
[Date "2025.10.24"]
[Round "7.1"]
[White "Biti, Ozren"]
[Black "Srebrnic, Vojko"]
[Result "1-0"]
[WhiteElo "2270"]
[BlackElo "1964"]
[PlyCount "44"]
[EventDate "2025.09.26"]
[WhiteTeam "SD POSOCJE"]
[BlackTeam "TAJFUN - SK LJUBLJANA"]

1. e4 c5 2. Nc3 Nc6 3. Bb5 g6 4. Bxc6 dxc6 5. d3 Bg7 6. f4 Nf6 7. Nf3 O-O 8.
O-O Ne8 9. Qe1 Nc7 10. f5 gxf5 11. Qg3 fxe4 12. Bh6 Ne6 13. Nxe4 Qc7 14. Qh4 f6
15. Rae1 Rf7 16. Be3 h6 17. Qh5 Bf8 18. Nh4 Nd4 19. Rf2 Qd7 20. c3 Ne6 21. Nf5
Qxd3 22. Bxh6 Ng7 {nejasno (39)} 1-0

[Event "I. CLANSKA LIGA ZAHOD 2025"]
[Site "Komenda"]
[Date "2025.10.24"]
[Round "7.1"]
[White "Jaksa, Ema"]
[Black "Beletic, Danijel"]
[Result "1/2-1/2"]
[WhiteElo "1825"]
[BlackElo "2269"]
[PlyCount "89"]
[EventDate "2025.09.26"]
[WhiteTeam "TAJFUN - SK LJUBLJANA"]
[BlackTeam "SD POSOCJE"]

1. e4 d6 2. d4 g6 3. h4 Nf6 4. Nc3 Bg7 5. Be2 h5 6. Nf3 O-O 7. Ng5 Nc6 8. Be3
e5 9. dxe5 Nxe5 10. f3 c6 11. Qd2 b5 12. Rd1 d5 13. exd5 b4 14. Nce4 Nxd5 15.
Bc5 Re8 16. Nd6 Re7 17. Nxc8 Rxc8 18. Bxe7 Qxe7 19. O-O Qc5+ 20. Rf2 Qb6 21. f4
Ng4 22. Bxg4 hxg4 23. Kh1 Qe3 24. Qxe3 Nxe3 25. Rd7 Nf5 26. Rfd2 Ng3+ 27. Kg1
Bxb2 28. Rd8+ Rxd8 29. Rxd8+ Kg7 30. Kf2 Nf5 31. Rd7 Bd4+ 32. Ke2 Bb6 33. Rxf7+
Kg8 34. Rf6 Kg7 35. Rf7+ Kg8 36. h5 Ng3+ 37. Kd3 gxh5 38. Rd7 h4 39. Ne4 Nh5
40. Ke2 Nxf4+ 41. Kf1 g3 42. Nf6+ Kf8 43. Nh7+ Ke8 44. Nf6+ Kf8 45. Nh7+
1/2-1/2

[Event "I. CLANSKA LIGA ZAHOD 2025"]
[Site "Komenda"]
[Date "2025.10.24"]
[Round "7.1"]
[White "Hozjan, Erik"]
[Black "Samotorcan, Gal"]
[Result "1-0"]
[WhiteElo "1930"]
[BlackElo "1692"]
[PlyCount "67"]
[EventDate "2025.09.26"]
[WhiteTeam "SD POSOCJE"]
[BlackTeam "TAJFUN - SK LJUBLJANA"]

1. e4 e5 2. Nf3 Nc6 3. Bc4 Nf6 4. d3 Be7 5. O-O d6 6. c3 Na5 7. Bb5+ c6 8. Ba4
b5 9. Bc2 O-O 10. d4 Qc7 11. a4 Bg4 12. Nbd2 Rfc8 13. Qe2 Rab8 14. h3 Be6 15.
Ng5 Bd7 16. f4 h6 17. fxe5 dxe5 18. Ngf3 Bd6 19. dxe5 Bxe5 20. Nxe5 Qxe5 21.
Nf3 Qg3 22. e5 Re8 23. Qf2 Qxf2+ 24. Kxf2 Nd5 25. axb5 Rxb5 26. b4 Nc4 27. Rxa7
Ndb6 28. Bd3 Rd5 29. Be4 Rb5 30. Rxd7 Nxe5 31. Rd4 f5 32. Nxe5 Rbxe5 33. Bxc6
Rc8 34. b5 1-0

[Event "I. CLANSKA LIGA ZAHOD 2025"]
[Site "Komenda"]
[Date "2025.10.24"]
[Round "7.2"]
[White "Plaskan, Jure"]
[Black "Feinig, Mario"]
[Result "1-0"]
[WhiteElo "2215"]
[BlackElo "2192"]
[PlyCount "147"]
[EventDate "2025.09.26"]
[WhiteTeam "SD DOMZALE"]
[BlackTeam "SK STARI MAYR KRANJ"]

1. e4 c6 2. Nf3 d5 3. Nc3 dxe4 4. Nxe4 Nf6 5. Qe2 Nxe4 6. Qxe4 Nd7 7. Bc4 Nf6
8. Ne5 e6 9. Qe2 b5 10. Bd3 Qc7 11. a4 Bd6 12. Nxc6 b4 13. Nd4 a6 14. Nf5 Bb7
15. Nxd6+ Qxd6 16. O-O h5 17. f3 Rd8 18. Re1 b3 19. Qe5 Qc6 20. Bf1 bxc2 21.
Ra3 Rd5 22. Qb8+ Rd8 23. Qe5 Rd5 24. Qg3 O-O 25. Rc3 Qxa4 26. Bc4 Rd4 27. Qf2
Rxc4 28. b3 Rxc3 29. bxa4 Rb3 30. Qd4 Rb1 31. Kf2 Rc8 32. d3 Bd5 33. Ke2 Bb3
34. Kd2 Nd5 35. g4 hxg4 36. Qxg4 Rb8 37. Rg1 g6 38. Qd4 Rb4 39. Qc5 Bxa4 40.
Ke2 Rh4 41. Qd6 Rh5 42. h4 Nc3+ 43. Kd2 Na2 44. Qd8+ Kh7 45. Qf8 Rf5 46. h5
Rxc1 47. hxg6+ fxg6 48. Qe7+ Kh6 49. Rxc1 Rh5 50. Qf8+ Kh7 51. Qf7+ Kh6 52. Rg1
c1=Q+ 53. Rxc1 Nxc1 54. Qf4+ g5 55. Qf6+ Kh7 56. Qf7+ Kh6 57. Qxe6+ Kg7 58.
Qe5+ Kh6 59. Kxc1 Bb5 60. d4 Rh1+ 61. Kd2 Rf1 62. Qf6+ Kh5 63. d5 Kh4 64. Qf5
Kg3 65. Qg4+ Kf2 66. d6 Rg1 67. Qd4+ Kg2 68. d7 Bxd7 69. Qxd7 Kxf3 70. Qf5+ Kg3
71. Qxg5+ Kh2 72. Qh4+ Kg2 73. Ke2 Rh1 74. Qg4+ 1-0

[Event "I. CLANSKA LIGA ZAHOD 2025"]
[Site "Komenda"]
[Date "2025.10.24"]
[Round "7.2"]
[White "Mircic, Ivan"]
[Black "Keber, Aljosa"]
[Result "1/2-1/2"]
[WhiteElo "2173"]
[BlackElo "2102"]
[PlyCount "67"]
[EventDate "2025.09.26"]
[WhiteTeam "SK STARI MAYR KRANJ"]
[BlackTeam "SD DOMZALE"]

1. Nf3 Nf6 2. g3 g6 3. Bg2 Bg7 4. c4 O-O 5. O-O c5 6. Nc3 Nc6 7. d4 cxd4 8.
Nxd4 d6 9. Nxc6 bxc6 10. Qc2 Rb8 11. Bd2 c5 12. Rab1 Nd7 13. Bg5 h6 14. Bd2 Bb7
15. Nd5 e6 16. Nc3 Ne5 17. Bxb7 Rxb7 18. b3 Nc6 19. Rfd1 Qe7 20. Qe4 Re8 21.
Na4 Rd7 22. Bc3 Nd4 23. Rd2 f5 24. Qg2 e5 25. e3 Ne6 26. f3 e4 27. f4 Kh7 28.
Rbd1 Red8 29. Kh1 Nc7 30. Qe2 Ne8 31. Rd5 Nc7 32. R5d2 Ne8 33. Rd5 Nc7 34. R5d2
1/2-1/2

[Event "I. CLANSKA LIGA ZAHOD 2025"]
[Site "Komenda"]
[Date "2025.10.24"]
[Round "7.2"]
[White "Debevec, Blaz"]
[Black "Djuric, Petar"]
[Result "0-1"]
[WhiteElo "2133"]
[BlackElo "2167"]
[PlyCount "104"]
[EventDate "2025.09.26"]
[WhiteTeam "SD DOMZALE"]
[BlackTeam "SK STARI MAYR KRANJ"]

1. e4 c5 2. Nf3 Nc6 3. d4 cxd4 4. Nxd4 g6 5. c4 Bg7 6. Be3 Nf6 7. Nc3 d6 8. Be2
Bd7 9. Qd2 a5 10. O-O O-O 11. f3 Nxd4 12. Bxd4 Bc6 13. Rfd1 Nd7 14. Be3 Nc5 15.
Rac1 a4 16. Kh1 Qa5 17. Rc2 Rfe8 18. Bf1 Rac8 19. Rdc1 Ne6 20. Qf2 Be5 21. Nd5
Bxd5 22. cxd5 Rxc2 23. Rxc2 Nf8 24. Bb6 Qa8 25. Bb5 Rc8 26. a3 g5 27. g3 Ng6
28. Qd2 Bf6 29. Qc1 Rxc2 30. Qxc2 Ne5 31. Kg2 g4 32. f4 Nf3 33. Qc7 Qf8 34.
Bxa4 Bxb2 35. Bd1 Qa8 36. Bxf3 gxf3+ 37. Kxf3 Qxa3+ 38. Kg4 Qa6 39. Kf5 Bf6 40.
g4 Qd3 41. Qc1 Qh3 42. Qe3 Qxh2 43. g5 Bb2 44. Kg4 Qg2+ 45. Kh4 Qh1+ 46. Kg4
Qd1+ 47. Kh3 Bc1 48. Qc3 Bxf4 49. Bd8 Qh5+ 50. Kg2 Qh2+ 51. Kf1 Qh1+ 52. Kf2
Qxe4 0-1

[Event "I. CLANSKA LIGA ZAHOD 2025"]
[Site "Komenda"]
[Date "2025.10.24"]
[Round "7.2"]
[White "Podvrsnik, Marko"]
[Black "Markosek, Bine"]
[Result "1/2-1/2"]
[WhiteElo "2128"]
[BlackElo "2020"]
[PlyCount "97"]
[EventDate "2025.09.26"]
[WhiteTeam "SK STARI MAYR KRANJ"]
[BlackTeam "SD DOMZALE"]

1. d4 d5 2. Nf3 Nf6 3. c4 e6 4. Nc3 Be7 5. g3 O-O 6. Bg2 dxc4 7. Qa4 Nbd7 8.
Qxc4 Nb6 9. Qb3 Nfd5 10. O-O Bd7 11. e4 Nxc3 12. bxc3 Ba4 13. Qb1 c5 14. Bf4
cxd4 15. cxd4 Rc8 16. Rc1 Ba3 17. Rxc8 Qxc8 18. Qd3 Bb2 19. Rd1 Qc4 20. Qxc4
Nxc4 21. d5 e5 22. Bf1 exf4 23. Bxc4 Rc8 24. Rb1 Rxc4 25. Rxb2 b6 26. Nd2 Rc1+
27. Kg2 fxg3 28. hxg3 Rc2 29. Rxc2 Bxc2 30. Kf3 Kf8 31. Ke3 Ke7 32. f4 f6 33.
Kd4 Bd1 34. Nc4 g5 35. fxg5 fxg5 36. Ne3 Be2 37. e5 h5 38. Nf5+ Kf7 39. e6+ Kf6
40. e7 Bb5 41. Nd6 Kxe7 42. Nxb5 h4 43. gxh4 gxh4 44. Ke4 h3 45. Kf3 a6 46. Nc7
Kd6 47. Nxa6 Kxd5 48. a4 Kc4 49. Nc7 1/2-1/2

[Event "I. CLANSKA LIGA ZAHOD 2025"]
[Site "Komenda"]
[Date "2025.10.24"]
[Round "7.2"]
[White "Markosek, Maj"]
[Black "Bulatovic, Milorad"]
[Result "1-0"]
[WhiteElo "1994"]
[BlackElo "1933"]
[PlyCount "81"]
[EventDate "2025.09.26"]
[WhiteTeam "SD DOMZALE"]
[BlackTeam "SK STARI MAYR KRANJ"]

1. d4 Nf6 2. c4 e6 3. Nc3 d5 4. cxd5 exd5 5. Bg5 Be7 6. e3 O-O 7. Bd3 c6 8. Nf3
Nbd7 9. O-O Re8 10. a3 Nf8 11. Ne5 N6d7 12. Bxe7 Qxe7 13. Nf3 Nf6 14. Qc2 Ne4
15. b4 Ng6 16. Nd2 Nxd2 17. Qxd2 f5 18. Rfe1 Qg5 19. f4 Qf6 20. b5 Bd7 21. bxc6
Bxc6 22. Kh1 a6 23. Ne2 Ne7 24. Ng1 Kh8 25. Nf3 g6 26. Ne5 Kg7 27. a4 Rh8 28.
Reb1 h6 29. Qb4 Rhb8 30. a5 Qe6 31. Rc1 Kf6 32. Rab1 Rc8 33. Qa3 Rc7 34. Rb6
Rac8 35. Rc5 g5 36. Qb4 Ng6 37. g4 Ne7 38. fxg5+ hxg5 39. Rc1 Rf8 40. gxf5 Nxf5
41. Qxf8+ 1-0

[Event "I. CLANSKA LIGA ZAHOD 2025"]
[Site "Komenda"]
[Date "2025.10.24"]
[Round "7.2"]
[White "Rici, Jurij"]
[Black "Skube, Zan"]
[Result "0-1"]
[WhiteElo "1900"]
[BlackElo "1835"]
[PlyCount "156"]
[EventDate "2025.09.26"]
[WhiteTeam "SK STARI MAYR KRANJ"]
[BlackTeam "SD DOMZALE"]

1. d4 d5 2. Nf3 Nf6 3. e3 c6 4. c4 e6 5. Be2 dxc4 6. Bxc4 Nbd7 7. O-O Bd6 8. a3
b5 9. Bd3 a5 10. Nc3 Bb7 11. b3 O-O 12. Bb2 Rc8 13. Rc1 Qe7 14. a4 b4 15. Ne4
Nxe4 16. Bxe4 Nf6 17. Bd3 c5 18. Qe2 Ne4 19. Ba6 cxd4 20. Bxb7 Qxb7 21. Nxd4
Be7 22. Rfd1 Bf6 23. Nb5 Rfd8 24. Bxf6 Nxf6 25. f3 Qb6 26. Rxc8 Rxc8 27. Nd6
Rd8 28. Nc4 Qc7 29. Rxd8+ Qxd8 30. Qd2 Qa8 31. Qd4 h6 32. e4 Nh5 33. g3 Qc8 34.
Nxa5 Qc1+ 35. Kg2 Qe1 36. Nc6 Qe2+ 37. Qf2 Qd3 38. Qb2 g5 39. Nxb4 Qe3 40. h3
Qe1 41. Nd3 Qxg3+ 42. Kf1 Qxf3+ 43. Nf2 Ng3+ 44. Kg1 Nxe4 45. Nxe4 Qxe4 46. Qc3
f5 47. a5 f4 48. Qc8+ Kf7 49. a6 Qe1+ 50. Kg2 Qe2+ 51. Kg1 f3 52. Qc7+ Kg6 53.
Qg3 Qxa6 54. Qxf3 Qa1+ 55. Kh2 Qb2+ 56. Kg3 Qb1 57. Kg2 Qc2+ 58. Kg1 e5 59. Qe3
e4 60. Qb6+ Kh5 61. Qe6 Qd1+ 62. Kh2 Qe2+ 63. Kg1 Qe3+ 64. Kh2 Qf2+ 65. Kh1
Qf1+ 66. Kh2 Qf2+ 67. Kh1 Qf3+ 68. Kg1 e3 69. Qe8+ Kh4 70. Qe6 Kg3 71. Qe5+ Qf4
72. Qb2 Qf2+ 73. Qxf2+ exf2+ 74. Kf1 Kf3 75. b4 h5 76. b5 g4 77. b6 g3 78. b7
g2# 0-1

[Event "I. CLANSKA LIGA ZAHOD 2025"]
[Site "Komenda"]
[Date "2025.10.24"]
[Round "7.3"]
[White "Zamar Kodelja, Jurij"]
[Black "Stubljar, Andrej"]
[Result "1-0"]
[WhiteElo "2232"]
[BlackElo "1995"]
[PlyCount "61"]
[EventDate "2025.09.26"]
[WhiteTeam "SK NOVA GORICA"]
[BlackTeam "SK DOLENJSKE TOPLICE"]

1. Nf3 d5 2. g3 e6 3. Bg2 a6 4. O-O c6 5. d3 Nf6 6. Nbd2 Be7 7. e4 O-O 8. Re1
c5 9. e5 Nfd7 10. Nf1 Nc6 11. h4 f5 12. exf6 Bxf6 13. c3 Nde5 14. Ng5 h6 15.
Nh3 c4 16. dxc4 dxc4 17. Ne3 Nd3 18. Rf1 Na5 19. Qe2 Ra7 20. Ng4 Nxc1 21. Raxc1
b5 22. Nf4 Qb6 23. Rfe1 Bxh4 24. Ng6 Bg5 25. Rcd1 Rd8 26. Rxd8+ Bxd8 27. Rd1
Bg5 28. Qf3 Qc5 29. N4e5 Bf6 30. Qf4 Bg5 31. Qxg5 1-0

[Event "I. CLANSKA LIGA ZAHOD 2025"]
[Site "Komenda"]
[Date "2025.10.24"]
[Round "7.3"]
[White "Pucelj, Joze"]
[Black "Gregoric, Andraz"]
[Result "1/2-1/2"]
[WhiteElo "1969"]
[BlackElo "2231"]
[PlyCount "59"]
[EventDate "2025.09.26"]
[WhiteTeam "SK DOLENJSKE TOPLICE"]
[BlackTeam "SK NOVA GORICA"]

1. Nf3 Nf6 2. g3 b5 3. Bg2 Bb7 4. O-O e6 5. d3 Be7 6. e4 O-O 7. e5 Ne8 8. d4 d5
9. Qe2 b4 10. Re1 c5 11. c3 Qb6 12. Be3 Nc6 13. Nbd2 Nc7 14. Nb3 cxd4 15. cxd4
Ba6 16. Qd2 Na5 17. Nxa5 Qxa5 18. Rec1 Rac8 19. Ne1 Na8 20. Rxc8 Rxc8 21. Nd3
Nb6 22. b3 Rc3 23. Nc5 Bxc5 24. dxc5 Nd7 25. Bd4 Rd3 26. Qb2 Nxc5 27. Bf1 Rc3
28. Bxa6 Nxa6 29. a3 Rc6 30. Bxa7 1/2-1/2

[Event "I. CLANSKA LIGA ZAHOD 2025"]
[Site "Komenda"]
[Date "2025.10.24"]
[Round "7.3"]
[White "Markocic, Tine"]
[Black "Voglar, Peter"]
[Result "1/2-1/2"]
[WhiteElo "2110"]
[BlackElo "1954"]
[PlyCount "63"]
[EventDate "2025.09.26"]
[WhiteTeam "SK NOVA GORICA"]
[BlackTeam "SK DOLENJSKE TOPLICE"]

1. c4 e5 2. Nc3 Nf6 3. Nf3 d6 4. d3 h6 5. e3 Be7 6. Be2 O-O 7. O-O c6 8. a3 a5
9. Bd2 Be6 10. b4 axb4 11. axb4 Nbd7 12. Qc2 Qc7 13. d4 d5 14. cxd5 Bxd5 15.
Nxd5 Nxd5 16. Rxa8 Rxa8 17. Rb1 exd4 18. Nxd4 Bf6 19. Bf3 Qd6 20. Nf5 Qe5 21.
g3 N7b6 22. b5 Ra1 23. bxc6 bxc6 24. Kg2 Rxb1 25. Qxb1 Nc4 26. Bc1 Qe6 27. Bg4
Qe8 28. Qb7 Qe4+ 29. Bf3 Qxf5 30. e4 Nde3+ 31. Bxe3 Nxe3+ 32. fxe3 1/2-1/2

[Event "I. CLANSKA LIGA ZAHOD 2025"]
[Site "Komenda"]
[Date "2025.10.24"]
[Round "7.3"]
[White "Gorse, Damjan"]
[Black "Vicic, Mark"]
[Result "0-1"]
[WhiteElo "1843"]
[BlackElo "1855"]
[PlyCount "58"]
[EventDate "2025.09.26"]
[WhiteTeam "SK DOLENJSKE TOPLICE"]
[BlackTeam "SK NOVA GORICA"]

1. e4 b6 2. g3 Bb7 3. Nc3 Nf6 4. f3 e5 5. Bc4 Bc5 6. Nge2 Nc6 7. a3 a5 8. Nd5
O-O 9. c3 Nxd5 10. Bxd5 Ba6 11. d3 Qf6 12. Rf1 Rad8 13. b4 Bd6 14. Be3 Ne7 15.
Bb3 axb4 16. axb4 Rfe8 17. Kf2 c5 18. Ba4 cxb4 19. Bxb6 Nc6 20. c4 Rb8 21. c5
Be7 22. Qb3 Qh6 23. Rh1 Rxb6 24. cxb6 Bc5+ 25. Kg2 Qe3 26. Rhe1 Qf2+ 27. Kh3
Qxf3 28. Qd5 d6 29. Bxc6 Bc8+ 0-1

[Event "I. CLANSKA LIGA ZAHOD 2025"]
[Site "Komenda"]
[Date "2025.10.24"]
[Round "7.3"]
[White "Lipuscek, Lev"]
[Black "Nemanic, Tim"]
[Result "0-1"]
[WhiteElo "1805"]
[BlackElo "1557"]
[PlyCount "108"]
[EventDate "2025.09.26"]
[WhiteTeam "SK NOVA GORICA"]
[BlackTeam "SK DOLENJSKE TOPLICE"]

1. d4 d5 2. c4 c6 3. g3 Nf6 4. Bg2 Bf5 5. Nf3 e6 6. cxd5 cxd5 7. Nc3 a6 8. Bf4
Bd6 9. Bxd6 Qxd6 10. Qb3 Qc7 11. O-O O-O 12. Nh4 Bg6 13. Nxg6 hxg6 14. Rac1 Nc6
15. Rfd1 Rac8 16. Na4 Qe7 17. Nc5 Nxd4 18. Rxd4 Rxc5 19. Rxc5 Qxc5 20. e3 b5
21. a4 Rb8 22. Rb4 Ne8 23. h4 Nd6 24. Bf1 a5 25. Rd4 b4 26. Rd2 Rc8 27. Bd3 Qb6
28. Rc2 Rxc2 29. Qxc2 d4 30. exd4 Qxd4 31. Kg2 e5 32. f3 Kh8 33. Qe2 f5 34. f4
e4 35. Bb5 e3 36. h5 Qd2 37. Kf1 Ne4 38. Qxd2 Nxg3+ 39. Ke1 exd2+ 40. Kxd2 Ne4+
41. Kd3 gxh5 42. Kd4 h4 43. Bf1 g6 44. Bg2 Kg7 45. Kc4 Nf2 46. Kb5 h3 47. Bf3
Nd3 48. b3 Kf8 49. Kxa5 Ke7 50. Kb6 Nxf4 51. a5 Kd6 52. a6 Ne6 53. a7 Nc7 54.
Ka5 Kc5 0-1

[Event "I. CLANSKA LIGA ZAHOD 2025"]
[Site "Komenda"]
[Date "2025.10.24"]
[Round "7.3"]
[White "Mihalic, Miha"]
[Black "Vicic, Maks"]
[Result "0-1"]
[WhiteElo "1496"]
[BlackElo "1640"]
[PlyCount "52"]
[EventDate "2025.09.26"]
[WhiteTeam "SK DOLENJSKE TOPLICE"]
[BlackTeam "SK NOVA GORICA"]

1. e4 c5 2. c3 d5 3. exd5 Qxd5 4. Nf3 Bg4 5. Be2 Nc6 6. h3 Bh5 7. Na3 e6 8. d3
Nf6 9. Nb5 Rc8 10. Bf4 e5 11. c4 Qe6 12. Ng5 Bxe2 13. Qxe2 Qe7 14. Bh2 a6 15.
Nc3 Nd4 16. Qd2 g6 17. O-O h6 18. Bxe5 hxg5 19. Nd5 Nxd5 20. Bxh8 Nf4 21. Rae1
Nfe6 22. Re4 f6 23. Rfe1 Kf7 24. h4 Bh6 25. hxg5 Bxg5 26. f4 Bh6 0-1

[Event "I. CLANSKA LIGA ZAHOD 2025"]
[Site "Komenda"]
[Date "2025.10.24"]
[Round "7.4"]
[White "Zidar, Jernej"]
[Black "Praznik, Niko"]
[Result "1/2-1/2"]
[WhiteElo "2036"]
[BlackElo "2297"]
[PlyCount "92"]
[EventDate "2025.09.26"]
[WhiteTeam "SK KOMENDA"]
[BlackTeam "SD VRHNIKA"]

1. d4 g6 2. c4 Bg7 3. g3 d6 4. Bg2 Nc6 5. Nf3 Bg4 6. d5 Bxf3 7. exf3 Nd4 8. O-O
c5 9. Nc3 Nf6 10. Re1 O-O 11. Ne2 Nd7 12. Nxd4 Bxd4 13. Bg5 Bf6 14. f4 Re8 15.
Rb1 Qa5 16. a4 a6 17. Bh3 Nf8 18. Re3 b5 19. axb5 axb5 20. Qe2 Qa2 21. Re1 Bxg5
22. fxg5 Qxc4 23. Qxc4 bxc4 24. Bf1 Rab8 25. Rxe7 Rxe7 26. Rxe7 Rxb2 27. Bxc4
Rb4 28. Be2 Rb2 29. Bf3 Rb8 30. Rc7 Rd8 31. Bg4 h6 32. gxh6 Nh7 33. Bf3 Nf6 34.
h4 Rd7 35. Rc8+ Kh7 36. g4 Ng8 37. g5 Ne7 38. Ra8 Rc7 39. Ra3 Nf5 40. Be4 Nxh4
41. Rh3 Nf5 42. Bxf5 gxf5 43. Kf1 Ra7 44. Rf3 Kg6 45. Rh3 Kh7 46. Rf3 Kg6
1/2-1/2

[Event "I. CLANSKA LIGA ZAHOD 2025"]
[Site "Komenda"]
[Date "2025.10.24"]
[Round "7.4"]
[White "Justin, Matjaz"]
[Black "Juhant, Igor"]
[Result "1/2-1/2"]
[WhiteElo "2210"]
[BlackElo "1972"]
[PlyCount "62"]
[EventDate "2025.09.26"]
[WhiteTeam "SD VRHNIKA"]
[BlackTeam "SK KOMENDA"]

1. e4 c6 2. d4 d5 3. Nd2 dxe4 4. Nxe4 Nf6 5. Nxf6+ exf6 6. c3 Bd6 7. Bd3 O-O 8.
Ne2 Re8 9. Qc2 g6 10. h4 Nd7 11. h5 Nf8 12. hxg6 fxg6 13. Bh6 Qe7 14. O-O-O Qf7
15. Kb1 Be6 16. Nc1 Rad8 17. f4 c5 18. f5 Bxf5 19. Bxf5 gxf5 20. dxc5 Bxc5 21.
Nd3 Be3 22. Bxe3 Rxe3 23. Nf4 Rxd1+ 24. Rxd1 Re4 25. Nd5 Qe6 26. Qd3 Kf7 27. g3
Re1 28. Nf4 Rxd1+ 29. Qxd1 Qe4+ 30. Kc1 Qe3+ 31. Kb1 Qe4+ 1/2-1/2

[Event "I. CLANSKA LIGA ZAHOD 2025"]
[Site "Komenda"]
[Date "2025.10.24"]
[Round "7.4"]
[White "Macek, Inti"]
[Black "Okorn, Nejc"]
[Result "1/2-1/2"]
[WhiteElo "1920"]
[BlackElo "1919"]
[PlyCount "66"]
[EventDate "2025.09.26"]
[WhiteTeam "SK KOMENDA"]
[BlackTeam "SD VRHNIKA"]

1. d4 d5 2. c4 e6 3. Nc3 Nf6 4. cxd5 exd5 5. Bg5 Be7 6. Qc2 c6 7. e3 O-O 8. Bd3
h6 9. Bh4 b6 10. Nge2 Bb7 11. O-O c5 12. b3 Nc6 13. a3 Re8 14. f3 a6 15. Bf2
cxd4 16. exd4 Rc8 17. Bf5 Rb8 18. Bg3 Bd6 19. Qd2 Bxg3 20. Nxg3 Qd6 21. b4 Bc8
22. Rfe1 Be6 23. Rac1 Qd7 24. Bb1 Rbc8 25. Nce2 Qd6 26. Nf5 Bxf5 27. Bxf5 Rc7
28. Bd3 a5 29. b5 Ne7 30. Rxc7 Qxc7 31. Rc1 Qd7 32. Qf4 Qe6 33. Kf2 Ng6 1/2-1/2

[Event "I. CLANSKA LIGA ZAHOD 2025"]
[Site "Komenda"]
[Date "2025.10.24"]
[Round "7.4"]
[White "Zlindra, Aljaz"]
[Black "Perme, Martin"]
[Result "1-0"]
[WhiteElo "1995"]
[BlackElo "1836"]
[PlyCount "53"]
[EventDate "2025.09.26"]
[WhiteTeam "SD VRHNIKA"]
[BlackTeam "SK KOMENDA"]

1. e4 c5 2. Nf3 d6 3. d4 cxd4 4. Nxd4 Nf6 5. Nc3 g6 6. Be3 Bg7 7. Bc4 O-O 8. f3
Nc6 9. Qd2 Bd7 10. O-O-O Rc8 11. Bb3 Ne5 12. h4 Nc4 13. Bxc4 Rxc4 14. g4 b5 15.
Kb1 b4 16. Nce2 a5 17. Bh6 Qb6 18. Bxg7 Kxg7 19. h5 a4 20. hxg6 fxg6 21. Qh6+
Kg8 22. g5 Nh5 23. Rxh5 gxh5 24. g6 hxg6 25. Qxg6+ Kh8 26. Qxh5+ Kg8 27. Rg1+
1-0

[Event "I. CLANSKA LIGA ZAHOD 2025"]
[Site "Komenda"]
[Date "2025.10.24"]
[Round "7.4"]
[White "Hribar, Izak"]
[Black "Vodnik, Val"]
[Result "1-0"]
[WhiteElo "1706"]
[BlackElo "1777"]
[PlyCount "75"]
[EventDate "2025.09.26"]
[WhiteTeam "SK KOMENDA"]
[BlackTeam "SD VRHNIKA"]

1. e4 e5 2. Nf3 Nc6 3. d4 exd4 4. Nxd4 Nf6 5. Nc3 Bc5 6. Be3 Bb6 7. Bc4 d6 8.
Nxc6 bxc6 9. Bxb6 axb6 10. O-O O-O 11. Re1 Ng4 12. h3 Ne5 13. Bb3 Be6 14. Qe2
Qg5 15. Qe3 Qxe3 16. Rxe3 Bxb3 17. cxb3 f6 18. f4 Nd7 19. Kf2 Nc5 20. Rd1 Ne6
21. f5 Nc5 22. b4 Nd7 23. b3 Rfe8 24. Rd2 Re5 25. Kf3 Rae8 26. Rde2 Kf7 27. g4
Ra8 28. Rc2 Ra7 29. Rd2 Ra8 30. a4 Rae8 31. Rde2 d5 32. exd5 cxd5 33. Nxd5 Rxd5
34. Rxe8 Ne5+ 35. Ke4 Rd1 36. Rc8 Rc1 37. a5 bxa5 38. bxa5 1-0